| 000 | 00319nam a2200121Ia 4500 | ||
|---|---|---|---|
| 008 | 190216s9999||||xx |||||||||||||| ||und|| | ||
| 100 | _aManku G S | ||
| 245 | 0 | _aTheoretical Principles Of Inorganic Chemistry | |
| 260 |
_bTata Mcgrawhill Publishers _c1984 |
||
| 300 | _a563p | ||
| 650 | _aChemistry-Chemistry | ||
| 942 | _cBK | ||
| 999 |
_c2465 _d2465 |
||